Advanced Magnetic Image In Resonance Processing Imaging (Record no. 33403)
[ view plain ]
| 000 -LEADER | |
|---|---|
| fixed length control field | 00412nam a22001697a 4500 |
| 003 - CONTROL NUMBER IDENTIFIER | |
| control field | NUST |
| 020 ## - INTERNATIONAL STANDARD BOOK NUMBER | |
| International Standard Book Number | 0-8247-2542-5 |
| 038 ## - RECORD CONTENT LICENSOR | |
| Staff Name | khadija |
| 082 ## - DEWEY DECIMAL CLASSIFICATION NUMBER | |
| Classification number | 616.0755 |
| Author Mark | ADV |
| 100 ## - MAIN ENTRY--PERSONAL NAME | |
| Personal name | Landini, Luigi |
| 9 (RLIN) | 82767 |
| 245 ## - TITLE STATEMENT | |
| Title | Advanced Magnetic Image In Resonance Processing Imaging |
| 260 ## - PUBLICATION, DISTRIBUTION, ETC. | |
| Place of publication, distribution, etc. | USA : |
| Name of publisher, distributor, etc. | CRC, |
| Date of publication, distribution, etc. | 2005. |
| 300 ## - PHYSICAL DESCRIPTION | |
| Extent | 611 p. ; |
| Other physical details | 23cm |
| 500 ## - GENERAL NOTE | |
| General note | Hardcover. |
| 563 ## - BINDING INFORMATION | |
| Binding note | hardcover |
| 942 ## - ADDED ENTRY ELEMENTS (KOHA) | |
| Koha item type | Book |
| Source of classification or shelving scheme | |
| Withdrawn status | Lost status | Source of classification or shelving scheme | Damaged status | Not for loan | Permanent Location | Current Location | Shelving location | Date acquired | Full call number | Barcode | Date last seen | Price effective from | Koha item type | Public note |
|---|---|---|---|---|---|---|---|---|---|---|---|---|---|---|
| School of Mechanical & Manufacturing Engineering (SMME) | School of Mechanical & Manufacturing Engineering (SMME) | General Stacks | 02/23/2016 | 616.0755 ADV | SMME-2462 | 04/03/2018 | 02/23/2016 | Book | Rack,41-Shelf,1 |
